Pays qui possédaient Bagdad à travers l'histoire - Statistiques

Statistiques générales
  • Ce quiz a été pris 67 fois
  • Le résultat moyen est 6 sur 13
Statistiques - réponses
Période Pays % Correct
1639 - 1918 Empire Ottoman
89%
1958 - Aujourd'hui Irak
89%
1932 - 1958 Royaume d'Irak
89%
1918 - 1932 Mandat Brittanique de Mésopotamie
75%
1339 -1401 Ilkhanat de Perse
61%
1258 - 1339 Empire Mongol
48%
762 - 1055 Califat Abbassides
46%
1157 - 1258 Califat Abbassides
46%
1055 - 1157 Empire Seldjoukides
29%
1401 - 1410 Empire Timouride
20%
1410 - 1469 Qara Qoyunlu (Moutons Noirs)
7%
1469 - 1502 Aq Qoyunlu (Moutons Blancs)
4%
1502 - 1639 Séfévides
4%
Aucun quiz correspondant
Distribution des résultats
% des personnes avec chaque résultat
Percentile par nombre de réponses
Votre historique - résultats
Vous n’avez pas pris ce quiz